General view of the agriculture of the county of West-Lothian (Record no. 113603)

MARC details
000 -LEADER
fixed length control field 00738cam a22001935a 4500
001 - CONTROL NUMBER
control field L155491
008 - FIXED-LENGTH DATA ELEMENTS--GENERAL INFORMATION
fixed length control field 120326s1811 xxk f 000 0 eng d
035 ## - SYSTEM CONTROL NUMBER
System control number (Sirsi) u155491
041 0# - LANGUAGE CODE
Language code of text/sound track or separate title eng
100 1# - MAIN ENTRY--PERSONAL NAME
Personal name Trotter, James
245 00 - TITLE STATEMENT
Title General view of the agriculture of the county of West-Lothian
Remainder of title with observations on the means of its improvement
Statement of responsibility, etc. Drawn up for the consideration of the Board of Agriculture and Internal Improvement
260 ## - PUBLICATION, DISTRIBUTION, ETC.
Place of publication, distribution, etc. Edinburgh
Name of publisher, distributor, etc. Printed for R. Phillips, London
Date of publication, distribution, etc. 1811
300 ## - PHYSICAL DESCRIPTION
Extent 340 p.
Dimensions 24 cm.
583 ## - ACTION NOTE
Action Condition reviewed
Time/date of action 20120620
Status condition level 2
651 #4 - SUBJECT ADDED ENTRY--GEOGRAPHIC NAME
Geographic name Scotland
Chronological subdivision 1999-
690 ## - LOCAL SUBJECT ADDED ENTRY--TOPICAL TERM (OCLC, RLIN)
Topical term or geographic name as entry element Rural
9 (RLIN) 6268
856 40 - ELECTRONIC LOCATION AND ACCESS
Host name uhttp://194.154.180.3/uhtbin/cgisirsi.exe/0/0/0/1/117/X/
942 ## - ADDED ENTRY ELEMENTS (KOHA)
Suppress in OPAC 0
Holdings
Withdrawn status Lost status Source of classification or shelving scheme Damaged status Not for loan Home library Current library Shelving location Date acquired Total Checkouts Full call number Barcode Date last seen Copy number Price effective from Koha item type
    Dewey Decimal Classification     Historic collection Historic collection Historic collection 26/03/2012   OCTAVO 1811 TROTTER 30075364 06/08/2019 1 06/08/2019 Book